000 00877nam a2200241 a 4500
008
020 _a0313236623(hbk.)
049 _aMAIN
090 _aHX264 WAL
100 1 _aWall, Irwin M.
245 1 0 _aFrench communism in the era of stalin :
_bThe quest for unity and integration 1945-1962/
_cIrwin m. Wall.
260 _aLondon :
_bGreenwood Press,
_c1983.
300 _axii, 268 p.
_bill,;
_c23 cm.
490 _aContributions in politcal science, number 97.
504 _aIncludes bibliographical references.
500 _aIncludes index.
650 1 _aCommunism-France-History-20th century
_vCommunism-Soviet Union-History-20th century
_xParti communiste francais-History-20th century
907 _a.b1020703x
_b11-07-06
_c11-07-06
003
005 20230123134226.0
040 _cNUST
942 _cBOOKS
_kHX264 WAL
999 _c162196
_d162196